000 00591nam a2200229Ia 4500
003 OSt
005 20220918175930.0
006 a|||||r|||| 00| 0
007 ta
008 220917b |||||||| |||| 00| 0 eng d
024 _a19,752
037 _cTextual
040 _aARTS
_cARTS
_beng
041 _2eng
_aeng
082 _aO:3L13:1, F6
100 _aStren Laurence
_955249
245 0 _aLife and opinions of Tristram Shandy gentleman
260 _c1926
650 _aENGLISH LITERATURE
942 _hO:3L13:1, F6
_cTEXL
_2CC
999 _c159624
_d159624